Guess the Taylor Swift song with no hint 96 - Statistics

General Stats
  • This quiz has been taken 943 times
  • The average score is 238 of 337
Answer Stats
Answer % Correct
I
100%
A
98%
You
98%
you
98%
you"
98%
the
97%
me
94%
And
93%
in
92%
In
92%
it
92%
it"
92%
on
91%
to
91%
your
91%
be
90%
"He
89%
my
89%
do
88%
is
87%
Is
87%
When
87%
when
87%
who
87%
I'm
86%
"I'm
86%
that
86%
was
86%
no
85%
so
83%
So
83%
like
82%
of
82%
they
82%
there
81%
What
80%
what
80%
by
79%
too"
79%
all
78%
But
77%
for
77%
one
77%
said
77%
say
77%
are
75%
As
74%
knew
73%
know
73%
know?
73%
not
73%
With
73%
been
72%
I've
71%
just
69%
Just
69%
here"
68%
here
68%
didn't
67%
thing
66%
had
65%
how
65%
How
65%
moment
63%
you'd
63%
time
62%
should've
60%
Should've
60%
right
58%
they're
58%
would've
58%
down
57%
got
56%
Now
56%
"Baby
53%
happy
53%
"Happy
53%
door
50%
make
50%
red
50%
ask
49%
dress
49%
sorry
49%
Standing
49%
standing
49%
about
48%
always
48%
eye
48%
he'd
48%
missing
48%
show?
48%
birthday
47%
lipstick
47%
most
47%
party
47%
slow
47%
smile
47%
through
47%
walk
47%
around
46%
back
46%
face
46%
friends
46%
motion
46%
everyone
44%
means
44%
there's
44%
felt
43%
impress
43%
singing
43%
room
42%
something
42%
tears
42%
waiting
42%
front
41%
looking
41%
wanna
41%
burst
39%
laughing
39%
try
39%
little
38%
million
38%
streaming
38%
wrong
38%
seem
37%
stars
37%
alone
36%
called
36%
really
36%
asking
35%
People
35%
bathroom
34%
fall
34%
hall
34%
pass
34%
shining
34%
later
33%
feeling
32%
memory
32%
apart
31%
close
31%
hours
31%
ticking
31%
lights
30%
aligned
29%
follow
29%
starts
29%
sinking
27%
Christmas
26%
hopelessly
25%
comb
24%
glisten
24%
Ooh
18%
No matching quizzes found
Score Distribution
Percent of People with Each Score
Percentile by Number Answered
Your Score History
You have not taken this quiz